| 000 | 00831cam a2200265Ia 4500 | ||
|---|---|---|---|
| 001 | 52076 | ||
| 005 | 20230410105613.0 | ||
| 008 | 070712s2004 sp a 000 0 spa d | ||
| 035 | _a(OCoLC)ocn154696706 | ||
| 040 |
_aXS# _cXS# |
||
| 020 | _a8434413035 | ||
| 020 | _a9788434413030 | ||
| 050 | 1 | 4 |
_aHD 30.3 _bG393 2004 |
| 082 | 0 | 0 | _a658.45 |
| 245 | 0 | 0 |
_aGestión de la comunicación en las organizaciones : _bcomunicación interna, corporativa y de marketing / _cJosé Carlos Losada Díaz (coord.). |
| 260 |
_aBarcelona : _bAriel, _c2004. |
||
| 300 |
_a556 p. : _bil. |
||
| 504 | _aIncluye bibliografías. | ||
| 650 | 0 | _aCommunication in organizations. | |
| 650 | 0 | _aBusiness communication. | |
| 650 | 4 | _aComunicación organizacional. | |
| 700 | 1 | _aLosada Díaz, José Carlos. | |
| 942 |
_2lcc _cbk |
||
| 994 |
_aC0 _bDRFGD |
||
| 999 |
_c40140 _d40140 |
||